000 00419nmm a2200157Ia 4500
008 251105s9999||||xx |||||||||||||||||und||
041 _aspa
100 _aStoker, Bram
245 0 _aDrácula
264 _a[Madrid, España] :
_bSaga Egmont,
_c2020
300 _a610 páginas
490 _aWorld Classics
650 _aThriller & Suspense
856 _uhttps://public.digitaliapublishing.com/a/99576
942 _cCF
999 _c101029
_d101029